000
00227nam a2200097Ia 4500
008
190216s9999||||xx |||||||||||||| ||und||
100
_a
Sinha H C
245
0
_a
Theory And Problems On Dynamics Of A
260
_b
Null
942
_c
BK
999
_c
32783
_d
32783